Mariano Marcos State University

University Library System

Driven : (Record no. 29035)

MARC details
000 -LEADER
fixed length control field 00761nam a22001937a 4500
003 - CONTROL NUMBER IDENTIFIER
control field OSt
005 - DATE AND TIME OF LATEST TRANSACTION
control field 20260428112611.0
008 - FIXED-LENGTH DATA ELEMENTS--GENERAL INFORMATION
fixed length control field 260428b |||||||| |||| 00| 0 eng d
020 ## - INTERNATIONAL STANDARD BOOK NUMBER
International Standard Book Number 9719316802 Pbk. Bp.
040 ## - CATALOGING SOURCE
Original cataloging agency MMSU
Transcribing agency ULS
050 ## - LIBRARY OF CONGRESS CALL NUMBER
Classification number HF 1171 D75 2004 F CASAT
245 ## - TITLE STATEMENT
Title Driven :
Remainder of title how to make it in Philippine business /
Statement of responsibility, etc. Jessica Zafra, editor ; Francisco H. Bautista and Antonio R. Samson, Co-chair, Editorial Board ; Ramos, Ige, Art director.
260 ## - PUBLICATION, DISTRIBUTION, ETC.
Place of publication, distribution, etc. [Makati City] :
Name of publisher, distributor, etc. Asian Institute of Management,
Date of publication, distribution, etc. 2004.
300 ## - PHYSICAL DESCRIPTION
Extent 184 pages :
Other physical details color illustrations ;
Dimensions 31 cm.
650 ## - SUBJECT ADDED ENTRY--TOPICAL TERM
Topical term or geographic name entry element Asian Institute of Management--Alumni and alumnae.
650 ## - SUBJECT ADDED ENTRY--TOPICAL TERM
Topical term or geographic name entry element Businessmen--Philippines--Biography.
650 ## - SUBJECT ADDED ENTRY--TOPICAL TERM
Topical term or geographic name entry element Philippines--Commerce.
942 ## - ADDED ENTRY ELEMENTS (KOHA)
Source of classification or shelving scheme
Koha item type Books
Holdings
Withdrawn status Lost status Source of classification or shelving scheme Damaged status Not for loan Home library Current library Shelving location Date acquired Inventory number Total Checkouts Full call number Barcode Date last seen Price effective from Koha item type
          MMSU College of Aquatic Sciences and Applied Technology MMSU College of Aquatic Sciences and Applied Technology Filipiniana Section 04/28/2026 D-26-0012   HF 1171 D75 2004 F CASAT 41703 04/28/2026 04/28/2026 Books

© 2023 Mariano Marcos State University. All Rights Reserved.

Powered by Koha